1723 1848 1136 1090 1719 1921 1122 1868 1990 1724 1263 1838 1119 1559 1507 1258 1736 1411 1545 1261 1636 1361 1016 1455 1824 1667 1999 1477 1424 1897 1479 1160 1261 1086 1072 1070 1530 1466 1660 1553 1100 1571 1723 1217 1083 1077 1269 1778 1810 1336 1212 1590 1838 1288 1979 1982 1059 1178 1600 1930 1509 1246 1245 1307 1888 1936 1049 1842 1583 1384 1970 1641 1918 1812 1214 1201 1748 1501 1471 1046 1452 1458 1509 1387 1429 1653 1136 1428 1112 1572 1980 1049 1220 1720 1359 1049 1748 1311 1807 BCNSPRNW ULIB Ver.6.0+V

เปลี่ยนเป็นภาษาไทย

Change to English
 แสดงรายละเอียดบรรณานุกรม
  กลับหน้าหลัก

Brief Record : Get Marc (ISO 2709) : E-mail record : QR code < ปิดหน้าต่าง
LEADER : 00000nam 2200000uu 4500
001    13399115049
003     ULIB
008    020711s2006 th a 000 0 eng d
020    ^a0781791642
060    ^aQS4^bS671C
100    ^aRichard S. Snell
245    ^aClinical Anatomy by Systems/^cRichard S. Snell
250    ^a1St Editionth ed
260    ^aNew York :^bLippincott Williams & Wilkins,^c2006
300    ^a960 p. pages
650    Anatomy
945    ^p2600^l0^i022735
999    ^aวรรณษา ชูชัยมงคล
รายการนี้ยังไม่มีแท็ก
คุณยังไม่ได้ล็อกอิน คุณสามารถมีกิจกรรมร่วมกับเว็บไซต์ได้ แต่ต้องล็อกอินก่อน ::
  ล็อกอิน

รายการสื่อสารสนเทศ

ลำดับที่ ประเภท เลขเรียก/บาร์โค้ด สถานที่ สถานะ
- ไม่พบข้อมูล -

รายการใกล้เคียง
    หัวเรื่อง [Anatomy]

BibComment


ยังไม่เคยถูกคอมเมนท์

คอมเมนท์ทรัพยากรรายการนี้
  คอมเมนท์: Clinical Anatomy..


 Copyright 2026. Bcnsprnw @Library